| 000 | 00356nam a2200145Ia 4500 | ||
|---|---|---|---|
| 008 | 150201s2002 xx 000 0 und d | ||
| 082 |
_a617.645 _bP2002C |
||
| 100 | _aCURZAN,ME | ||
| 245 | _aPEDIATRIC OPERATIVE DENTISTRY | ||
| 250 | _a4TH | ||
| 260 |
_bWRIGHT PUBLICATION _aOXFORD _c2002 |
||
| 300 | _a1-197 | ||
| 650 | _aPEDODONTICS | ||
| 942 |
_2ddc _cBK _05 |
||
| 999 |
_c4680 _d4680 |
||